Toutes les voies du 4ème arrondissement de Paris sur une carte - Statistiques

Statistiques générales
  • Ce quiz a été pris 9 fois
  • Le résultat moyen est 42 sur 206
Réponses sur la Carte
Les réponses sont colorées sur une échelle allant du rouge au vert en fonction du pourcentage des utilisateurs qui les ont devinées à leur premier essai. Vous pouvez retrouver ces pourcentages ci-dessous.
 
Statistiques - réponses
Nom de la voie % Correct
Quai de l’Hôtel de Ville
89%
Allée des Défenseurs de la Caserne de la Cité
78%
Boulevard Morland
78%
Place de la Bastille
78%
Place de l’Hôtel de Ville – Esplanade de la Libération
78%
Place du Châtelet
78%
Pont de Sully
78%
Pont Morland
78%
Pont Saint-Louis
78%
Port de l’Hôtel de Ville
78%
Rue de la Bastille
78%
Rue de la Cité
78%
Rue de l’Hôtel de Ville
78%
Rue de Rivoli
78%
Rue Saint-Louis en l’Île
78%
Boulevard de Sébastopol
67%
Parvis Notre-Dame – Place Jean-Paul II
67%
Passage Saint-Paul
67%
Place des Vosges
67%
Pont Marie
67%
Pont Notre-Dame
67%
Rue de l’Hôtel Saint-Paul
67%
Rue des Jardins Saint-Paul
67%
Rue des Lions Saint-Paul
67%
Rue de Sully
67%
Rue du Cloître Notre-Dame
67%
Rue du Renard
67%
Rue du Temple
67%
Rue Saint-Antoine
67%
Rue Saint-Martin
67%
Rue Saint-Paul
67%
Rue Vieille du Temple
67%
Avenue Victoria
56%
Boulevard Beaumarchais
56%
Boulevard Henri IV
56%
Place Georges Pompidou
56%
Port Henri IV
56%
Quai Henri IV
56%
Rue de l’Arsenal
56%
Rue de Turenne
56%
Rue Rambuteau
56%
Voie Georges Pompidou
56%
Boulevard Bourdon
44%
Boulevard du Palais
44%
Pont d’Arcole
44%
Pont Saint-Michel
44%
Rue des Archives
44%
Rue Simon le Franc
44%
Passage Charlemagne
33%
Pont au Change
33%
Pont de la Tournelle
33%
Pont Louis Philippe
33%
Quai de la Corse Pasquale Paoli
33%
Quai du Marché Neuf Maurice Grimaud
33%
Rue Beaubourg
33%
Rue Charlemagne
33%
Rue d’Arcole
33%
Rue de la Coutellerie
33%
Rue des Francs Bourgeois
33%
Rue des Rosiers
33%
Rue du Pont Louis Philippe
33%
Petit Pont Cardinal Lustiger
22%
Place Saint-Gervais
22%
Quai aux Fleurs
22%
Quai de Bourbon
22%
Rue de Lobau
22%
Rue des Blancs Manteaux
22%
Rue des Deux Ponts
22%
Rue des Hospitalières Saint-Gervais
22%
Rue du Cloître Saint-Merri
22%
Rue du Marché des Blancs Manteaux
22%
Rue du Roi de Sicile
22%
Rue François Miron
22%
Rue Neuve Saint-Pierre
22%
Rue Quincampoix
22%
Rue Sainte-Croix de la Bretonnerie
22%
Rue Saint-Merri
22%
Square Sainte-Croix de la Bretonnerie
22%
Esplanade des Villes Compagnons de la Libération
11%
Place Baudoyer
11%
Place du Marché Sainte-Catherine
11%
Place Monique Antoine
11%
Pont au Double
11%
Pont de l’Archevêché
11%
Pont Mazas
11%
Quai d’Anjou
11%
Quai de Béthune
11%
Quai de Gesvres
11%
Quai de l’Archevêché
11%
Rue Aubriot
11%
Rue Aubry le Boucher
11%
Rue de Jouy
11%
Rue de la Verrerie
11%
Rue des Guillemites
11%
Rue des Lombards
11%
Rue des Ursins
11%
Rue du Bourg Tibourg
11%
Rue du Figuier
11%
Rue du Prévôt
11%
Rue du Trésor
11%
Rue Ferdinand Duval
11%
Rue Geoffroy l’Angevin
11%
Rue Pavée
11%
Allée Célestin Hennion
0%
Allée des Justes parmi les Nations
0%
Allée Waslaw Nijinsky
0%
Cour Bérard
0%
Cour de l’Île Louviers
0%
Impasse de la Poissonnerie
0%
Impasse de l’Hôtel d’Argenson
0%
Impasse du Boeuf
0%
Impasse Guéménée
0%
Impasse Jean Beausire
0%
Impasse Saint-Fiacre
0%
Parvis des 260 enfants
0%
Parvis Elise et Célestin Freinet
0%
Passage de l’Île Louviers
0%
Passage des Singes
0%
Passage du Gantelet
0%
Passage Jean Beausire
0%
Passage Walter Benjamin
0%
Passerelle Jim Morrison
0%
Place Albert Memmi
0%
Place des Combattantes et Combattants du Sida
0%
Place des Emeutes de Stonewall
0%
Place du Bataillon Français de l’ONU en Corée
0%
Place du Père Teilhard de Chardin
0%
Place Edmond Michelet
0%
Place Harvey Milk
0%
Place Igor Stravinsky
0%
Place Louis Aragon
0%
Place Louis Lépine
0%
Place Marguerite Porete
0%
Place Marie-Claude Vaillant Couturier et Pierre Villon
0%
Place Ovida-Delect
0%
Place Pierre Kauffmann
0%
Place Roger Priou Valjean
0%
Place Shimon Peres
0%
Port des Célestins
0%
Promenade Maurice Carême
0%
Quai des Célestins
0%
Quai d’Orléans
0%
Rue Adolphe Adam
0%
Rue Agrippa d’Aubigné
0%
Rue Bassompierre
0%
Rue Beautreillis
0%
Rue Boutarel
0%
Rue Brisemiche
0%
Rue Budé
0%
Rue Caron
0%
Rue Castex
0%
Rue Chanoinesse
0%
Rue Charles V
0%
Rue Cloche-Perce
0%
Rue Crillon
0%
Rue de Birague
0%
Rue de Bretonvilliers
0%
Rue de Brissac
0%
Rue de Brosse
0%
Rue de Fourcy
0%
Rue de Jarente
0%
Rue de l’Abbé Migne
0%
Rue de la Cerisaie
0%
Rue de la Colombe
0%
Rue de la Reynie
0%
Rue de la Tacherie
0%
Rue de l’Ave Maria
0%
Rue de Lesdiguières
0%
Rue de Lutèce
0%
Rue de Moussy
0%
Rue des Barres
0%
Rue des Chantres
0%
Rue de Schomberg
0%
Rue des Ecouffes
0%
Rue des Juges Consuls
0%
Rue des Mauvais Garçons
0%
Rue des Nonnains d’Hyères
0%
Rue des Tournelles
0%
Rue de Venise
0%
Rue d’Ormesson
0%
Rue du Fauconnier
0%
Rue du Grenier sur l’Eau
0%
Rue du Pas de la Mule
0%
Rue du Petit Musc
0%
Rue du Plâtre
0%
Rue Eginhard
0%
Rue Geoffroy l’Asnier
0%
Rue Jacques Coeur
0%
Rue Jean Beausire
0%
Rue Jean du Bellay
0%
Rue Jules Cousin
0%
Rue Le Regrattier
0%
Rue Madame de Sévigné
0%
Rue Malher
0%
Rue Massillon
0%
Rue Milo Adoner
0%
Rue Mornay
0%
Rue Necker
0%
Rue Nicolas Flamel
0%
Rue Pecquay
0%
Rue Pernelle
0%
Rue Pierre au Lard
0%
Rue Pierre Seel
0%
Rue Poulletier
0%
Rue Saint-Bon
0%
Rue Tiron
0%
Aucun quiz correspondant
Distribution des résultats
% des personnes avec chaque résultat
Percentile par nombre de réponses
Votre historique - résultats
Vous n’avez pas pris ce quiz